=LDR 00000nam 2200000 4500 =001 INLIS000000000063690 =005 20240624094652 =035 ##$$a 0010-0624000035 =007 ta =008 240624################g##########0#ind## =020 ##$$a 978-602-1583-48-7 =082 ##$$a 297. 415 =084 ##$$a 297. 415 Ima r =245 1#$$a Rahasia haji & umrah /$c Imam Al-Ghazali; Penerjemah, Mujiburrahman =250 ##$$a Cetakan I =300 ##$$a ix, 296 halaman : $b ilustrasi ; $c 15 x 23 cm =650 #4$$a Haji =700 #$$a Mujiburrahman (penerjemah) =740 ##$$a Asror al-haj =264 ##$$a Jakarta :$b Turos,$c 2017 =336 ##$$a Teks$2 rdacontent =337 ##$$a Tanpa perantara$2 rdamedia =338 ##$$a Volume$2 rdacarrier =990 ##$$a 11791179